00846nac a22002297a 4500001001000000003000900010005001700019008003400036040005400070072000800124100001800132100002400150110008800174245008200262246008100344260004200425300001000467490009600477650002100573650001200594650001000606BR8100477BR-BrBNA20240105114905.0230509b bl.|||m| |||| 00| 0 por d aBR-BrBNAbporcBiblioteca Nacional de Agricultura aF001 aNeiva, L.P.A.1 aReinhardt, D.H.R.C.1 aCentro Nacional de Pesquisa de Mandioca e Fruticultura, Cruz das Almas, BA (Brasil)1 aDiagnostico da cultura do abacaxi no estado da Bahia [Ananas comosus; Brasil]1 a[Diagnosis of pineapple crop in the state of Bahia [Ananas comosus; Brazil]]3 aCruz das Almas, BA (Brasil): c1980.  a37 p. aCircular Tecnica - Centro Nacional de Pesquisa de Mandioca e Fruticultura (Brazil)vno. 2x aProducao vegetal aAbacaxi aBahia